El segundo sexo
Guardat en:
| Autor principal: | |
|---|---|
| Format: | Llibre |
| Idioma: | espanyol |
| Publicat: |
Santiago, Chile.
Penguin Random House,
2019
|
| Edició: | 2a. ed |
| Col·lecció: | Contemporánea
|
| Matèries: | |
| Etiquetes: |
Afegir etiqueta
Sense etiquetes, Sigues el primer a etiquetar aquest registre!
|
MARC
| LEADER | 00000cam a2200000 a 4500 | ||
|---|---|---|---|
| 001 | UCC9866 | ||
| 003 | CL-VaPUC | ||
| 005 | 20241118095159.0 | ||
| 008 | 191122e20190000cl spa d | ||
| 999 | |c 167705 |d 167703 | ||
| 020 | |a 9789563253993 | ||
| 040 | |c Pontificia Universidad Católica de Valparaíso | ||
| 082 | 0 | 4 | |a 305.4 BEA 2019 |2 21 |
| 100 | |a Beauvoir, Simone de |e autora |9 319247 | ||
| 245 | 1 | 3 | |a El segundo sexo |
| 250 | |a 2a. ed | ||
| 260 | |a Santiago, Chile. |b Penguin Random House, |c 2019 | ||
| 300 | |a 727 páginas | ||
| 490 | 0 | |a Contemporánea | |
| 583 | |a last modification |c 20191122 12:01:00 |k cmena | ||
| 650 | 0 | 0 | |a Mujeres |9 257649 |x Condiciones sociales y morales |
| 650 | 0 | 0 | |a Antropología cultural y social |9 265143 |
| 650 | 0 | 0 | |a Mujeres |2 CL-VaPUC |9 429690 |x Historia |
| 650 | 0 | 0 | |a Feminismo |2 CL-VaPUC |9 538222 |
| 852 | |a BIBCUR | ||
| 942 | |c BK |2 ddc | ||
| 945 | |a cmena |d 20191122 12:01:00 | ||
| 952 | |0 0 |1 0 |3 erb |4 0 |6 305_400000000000000_BEA_2019 |7 0 |8 R |9 495492 |a BIBEDU |b BIBEDU |c MCIRC |d 2019-10-17 |e 14 |g 12000.00 |i 5565413 |l 18 |m 3 |o 305.4 BEA 2019 |p 5565413 |r 2024-03-11 |s 2024-03-08 |v 12000.00 |w 2020-01-06 |y BK_R |z Catalogado en:20191122 |k LIT | ||